| 000 | 00783nam a22002297a 4500 | ||
|---|---|---|---|
| 999 |
_c15086 _d15086 |
||
| 003 | MIRAKIL | ||
| 005 | 20221206150224.0 | ||
| 008 | 221206b tu ||||| |||| 00| 0 tur d | ||
| 020 | _a9786057143907 | ||
| 040 |
_aTR-AnCHP _cTR-AnCHP |
||
| 041 | _aTUR | ||
| 082 |
_a956.101543 _bY29g 2022 |
||
| 100 | _aYazırlıoğlu, Kazım | ||
| 245 | 1 | 0 |
_aGün gün Çanakkale savaşları ve Ankaralı şehitler / _cKazım Yazırlıoğlu. |
| 260 |
_aAnkara: _bAnkara Büyükşehir Belediyesi, _c2022. |
||
| 300 |
_a164 s.: _btbl.; fotg.; _c20 sm. |
||
| 504 | _aKaynakça vardır. | ||
| 650 | 0 |
_95121 _aÇanakkale savaşı _xTarih _zTürkiye |
|
| 650 | 0 |
_9710 _aOsmanlı İmparatorluğu _xTarih _zTürkiye |
|
| 651 | 0 |
_97085 _aAnkara (Türkiye) _xÇanakkale savaşı _xŞehitler |
|
| 942 |
_2ddc _cBKS |
||